• 首页
  • 本馆介绍
  • 公告通知
  • 最新文献
  • 馆藏检索
  • 电子资源
  • 读者导购
  • 参考咨询
  • 我的图书馆
  • 登录
  • 详细信息显示
  • 放入我的书架
  • 预约/预借图书
  • 作者相关作品
  • 分类相关作品
  • 丛书相关作品
  • 出版社相关作品

书目信息

  • 表格格式
  • 工作单格式
  • 卡片格式
题名:
卢芹斋传
    
 
作者: 罗拉 著 ;卞婉钰 译
分册:  
出版信息: 北京   中国文联出版社  2015
页数: 24,236页
开本: 21cm
丛书名:
单 册:
中图分类: K825.38=71
科图分类:
主题词: 企业家--传记--中国--现代
电子资源:
ISBN: 978-7-5190-0136-0
000 01107nam0 2200265 45
001 012001000269
005 20140920091301.0
010    @a978-7-5190-0136-0@dCNY32.00
100    @a20151126d2015 em y0chiy50 ea
101 1  @achi@ceng
102    @aCN@b110000
105    @aa z 001yb
106    @ar
200 1  @a卢芹斋传@9Lu Qin Zhai Zhuan@f(法)罗拉著@g卞婉钰译
210    @a北京@c中国文联出版社@d2015
215    @a24,236页@c图,照片@d21cm
305    @a简体中文版由新世纪出版传媒有限公司授权出版发行
330    @a卢芹斋,二十世纪初国际著名的大古董商,从某种意义上讲,卢芹斋是让西方认识中国古董的启蒙者。他以精湛的文物专业知识和天才的商业眼光逐渐征服了欧美收藏者。他经手的很多古董由死变活,由冷变热。卢芹斋在古董行的地位可谓是呼风唤雨、一言九鼎,被誉为古董教父。此传记以很公允的态度、鲜活的文字,还原了卢芹斋风云跌宕的一生。
606 0  @a企业家@x传记@y中国@z现代
610 0  @a卢芹斋(1880-1957)
690    @aK825.38=71@v5
701  0 @c(法)@a罗拉@9Luo La@c(Lenain, Géraldine)@4著
702  0 @a卞婉钰@9Bian Wan Yu@4译
801  0 @aCN@b上海新华@c20180901
905    @b1041333-37@dK825.38@e1127@f5
    
    卢芹斋传/(法)罗拉著/卞婉钰译.-北京:中国文联出版社,2015
    24,236页:图,照片;21cm
    
    
    ISBN 978-7-5190-0136-0:CNY32.00
    卢芹斋,二十世纪初国际著名的大古董商,从某种意义上讲,卢芹斋是让西方认识中国古董的启蒙者。他以精湛的文物专业知识和天才的商业眼光逐渐征服了欧美收藏者。他经手的很多古董由死变活,由冷变热。卢芹斋在古董行的地位可谓是呼风唤雨、一言九鼎,被誉为古董教父。此传记以很公允的态度、鲜活的文字,还原了卢芹斋风云跌宕的一生。
●
相关链接 在E读中查询图书 在五车中查询图书 在当当中查询图书 在豆瓣中查询图书


正题名:卢芹斋传     索取号:K825.38/1127         预约/预借

序号 登录号 条形码 馆藏地/架位号 状态 备注
1 1041333   210413337   第二样本阅览室/ [索取号:K825.38/1127] 在馆    
2 1041334   210413346   第二借阅区/ [索取号:K825.38/1127] 在馆    
3 1041335   210413355   第二借阅区/ [索取号:K825.38/1127] 在馆    
4 1041336   210413364   第二借阅区/ [索取号:K825.38/1127] 在馆    
5 1041337   210413373   密集书库-史法系/ [索取号:K825.38/1127] 在馆    
唐山师范学院图书馆 欢迎您!
大连网信软件有限公司© 版权所有